00303nam a2200109Ia 4500008004100000082001100041082000800052245010800060245000800168260000800176300000900184231017s9999 xx 000 0 und d a624.18 bTEN 0aCritical Literature Review of High-Performance Corrosion Reinforcements in Concrete Bridge Applications 0cTRB bTRB c30cm